| 000 | 00406nam a22001337a 4500 | ||
|---|---|---|---|
| 020 | _a0080355900 | ||
| 082 |
_a363.7394 _bUSE _cN |
||
| 245 |
_aUse of soil for treatment and final disposal of effluents and sludge/ _cPRC Oliveira. SAS Almeida. |
||
| 260 |
_aOxford : _bPM lister , _c1986. |
||
| 300 | _avii, 212 p .; | ||
| 526 |
_a0 _b0 _c0 _d363_739400000000000_USE |
||
| 650 |
_aNUST _96342 |
||
| 942 |
_2ddc _cBK |
||
| 999 |
_c542870 _d542870 |
||